| 000 | 00806nam a2200265Ia 4500 | ||
|---|---|---|---|
| 999 |
_c54261 _d54261 |
||
| 001 | 21317 | ||
| 003 | GE_BSU | ||
| 005 | 20211022161752.0 | ||
| 008 | 181216s2008||||fr |||||||||||||| ||fre|| | ||
| 020 | _a9782090353143 | ||
| 040 | _cGE_BSU | ||
| 041 | _afre | ||
| 080 | _a811.133.1 I-33 | ||
| 245 |
_aICI 2. Methode de francais A2 + CD / _cD. Abry, Y. Daas, C. Fert ; Edition Virginie Poitrasson. |
||
| 264 |
_aParis : _bCLE International, _c2008. |
||
| 300 |
_a127 p. : _b ill. ; _c29cm. _e+cd. |
||
| 541 | _h93 Gel. | ||
| 653 | _aICI 2. Methode de francais A2 | ||
| 653 | _aФранцузский язык | ||
| 653 | _aფრანგული ენა | ||
| 700 |
_aAbry, D. _eby _912725 |
||
| 700 |
_aDaas,Y. _eby _912726 |
||
| 700 |
_a Poitrasson, Virginie _eEdition _912727 |
||
| 942 |
_cBK _2udc |
||